Statistics for Countries Closest to Poland - Map Quiz

Click here to take the quiz!

General Stats

  • This quiz has been taken 877 times
  • The average score is 16 of 20

Answers on the Map

Answers color-coded by a green-red scale on the quiz's map according to % correct below.
 

Answer Stats

country% Correct
Germany
98%
Russia
94%
Ukraine
94%
Belarus
93%
Czechia
93%
Lithuania
93%
Latvia
92%
Slovakia
90%
Austria
87%
Estonia
87%
Hungary
87%
Sweden
86%
Denmark
83%
Romania
79%
Moldova
73%
Slovenia
67%
Croatia
62%
Serbia
60%
Netherlands
52%
Italy
45%

Score Distribution

Percentile by Number Answered

Percent of People with Each Score

Your Score History

You have not taken this quiz